000 00766nam a22001937a 4500
003 OSt
005 20240831091932.0
008 240831b ||||| |||| 00| 0 eng d
040 _cAIMIT LIBRARY
100 _aT Harsha.
_e2216066
_9178330
245 _aAssessing the financial health and stratagic position of indian health care and heart institute limited Mangalore /
_cBy Harsha T ; Guided by Rowena Wright.
260 _aMangaluru ;
_c2024.
650 _aLiterature review objectives and coceptual framework
_9178331
650 _aResearch methodology
_9178332
650 _aData analysis and interpretation
_9178333
700 _aWright Rowena.
_eGuide
_9178334
856 _3Indiana hospital and heart institute ltd
_uwww.indianahospital.in
942 _2ddc
_cPRO
999 _c231671
_d231671